📖 150premiers mots"Le cas Malaussène -1.Ils m'ont menti"Daniel Pennac - Statistiques

Statistiques générales
  • Ce quiz a Ă©tĂ© pris 3 fois
  • Le rĂ©sultat moyen est 102 sur 150
Statistiques - réponses
Mots % Correct
Ă 
100%
a
100%
A
100%
ai
100%
Ariana, ...
100%
aux
100%
avec
100%
c'
100%
cartes
100%
(Ce
100%
ce
100%
d'
100%
dans
100%
de
100%
Des
100%
du
100%
en
100%
est
100%
Et
100%
et
100%
faire
100%
Georges ?
100%
Gonzalès.
100%
Il
100%
il
100%
J'
100%
j'
100%
je
100%
jour-
100%
l'
100%
la
100%
lĂ .
100%
LapietĂ  ?
100%
le
100%
les
100%
lui-
100%
main,
100%
mĂŞme
100%
Ménestrier,
100%
mon
100%
n'
100%
ne
100%
on
100%
pas
100%
pour
100%
qu'
100%
qui
100%
Ritzman,
100%
s'
100%
sa
100%
se
100%
ses
100%
son
100%
tout
100%
toutes
100%
Tu
100%
un
100%
Vercel
100%
y
100%
aller
67%
arrive
67%
comme
67%
connais,
67%
par
67%
suite
67%
tĂŞte.
67%
Alors,
33%
arriver
33%
bonnes
33%
comprendre
33%
entrer
33%
genre
33%
heure :
33%
heure,
33%
raconté
33%
type
33%
voulait
33%
aimable
0%
autant
0%
chèque.
0%
chien
0%
choisir
0%
comité :
0%
commencer
0%
confidence
0%
déguisement
0%
ferme
0%
fosse
0%
fout
0%
fric
0%
gosses
0%
hélicoïdal
0%
indiscrétion,
0%
intérieur
0%
jusqu'
0%
laquelle
0%
minutie
0%
mouvement
0%
museau
0%
palpe
0%
pareil.
0%
partout.
0%
passées
0%
préparé
0%
purin.
0%
queue!)
0%
raisons
0%
rouler
0%
semaines
0%
soin.
0%
tire
0%
torchonne
0%
toucher
0%
vacances,
0%
voilĂ 
0%
Aucun quiz correspondant
Distribution des résultats
% des personnes avec chaque résultat
Percentile par nombre de réponses
Votre historique - résultats
Vous n’avez pas pris ce quiz